[Event "I Miedzynarodowy Memorial Ireny Warakomskiej - Open B"]
[Site "Suwalki"]
[Date "2017-08-13"]
[Round "3.27"]
[White "Budnik, Mateusz"]
[Black "Beczala, Pawel "]
[Result "0-1"]
[WhiteTitle ""]
[BlackTitle ""]
[WhiteElo "1987"]
[BlackElo "1789"]

1. e4 g6 2. d4 d5 3. e5 Bg7 4. Nf3 c6 5. Nbd2 Nh6 6. Nb3 O-O 7. Bf4 f6 8. Qd2 Nf7
9. O-O-O a5 10. a3 b6 11. Kb1 a4 12. Nc1 b5 13. Nd3 Bf5 14. h4 Na6 15. h5 g5 16.
Bg3 Bh6 17. Qc3 Qd7 18. Nc5 Nxc5 19. Qxc5 Nd8 20. Bd3 Bxd3 21. Rxd3 f5 22. Rg1
Nb7 23. Qb4 e6 24. Ne1 Rfc8 25. Qd2 c5 26. f3 c4 27. Rc3 Na5 28. f4 g4 29. Re3
c3 30. Rxc3 Nc4 31. Qc1 Bf8 32. Nd3 Rab8 33. Be1 b4 34. axb4 Bxb4 35. Rxc4 Bxe1
36. Rc5 Bb4 37. Nxb4 Rxb4 38. c3 Rb3 39. Kc2 Rcb8 40. Qa1 a3 41. bxa3 Qa4 42.
Kd3 Rxa3 43. Qd1 Qa6+ 44. Ke3 Rb2 45. Qd3 Qxd3+ 46. Kxd3 Raa2 47. Re1 Rd2+ 48.
Ke3 Rxg2 49. Kd3 Rad2+ 50. Ke3 Rdf2 51. Kd3 Rxf4 52. Rc8+ Kg7 53. Rc7+ Kh6 54.
Re7 Rff2 55. Rxe6+ Kg5 56. Rf6 f4 0-1

[Event "I Miedzynarodowy Memorial Ireny Warakomskiej - Open B"]
[Site "Suwalki"]
[Date "2017-08-13"]
[Round "3.28"]
[White "Kwasniewski, Pawel "]
[Black "Golecki, Jan "]
[Result "1/2-1/2"]
[WhiteTitle ""]
[BlackTitle ""]
[WhiteElo "1702"]
[BlackElo "1957"]

1. d4 d5 2. Nf3 Bf5 3. Bf4 e6 4. e3 Bd6 5. Bxd6 Qxd6 6. c3 c6 7. Bd3 Bxd3 8. Qxd3
Nd7 9. Nbd2 Ngf6 10. O-O h6 11. Rfe1 O-O-O 12. e4 dxe4 13. Nxe4 Nxe4 14. Qxe4
Rhe8 15. Ne5 Nxe5 16. Qxe5 f6 17. Qxd6 Rxd6 18. f4 Red8 19. Kf2 b6 20. Re2 c5
21. dxc5 bxc5 22. Rae1 Kd7 23. Re4 Rb8 24. R1e2 g5 25. g3 gxf4 26. Rxf4 e5 27.
Rh4 Rh8 28. Ra4 a6 29. Ke3 Ke6 30. Rd2 Rc6 31. Rg4 h5 32. Rg7 c4 33. Rb7 h4 34.
g4 Rg8 35. h3 f5 36. Rh7 1/2-1/2

[Event "I Miedzynarodowy Memorial Ireny Warakomskiej - Open B"]
[Site "Suwalki"]
[Date "2017-08-13"]
[Round "3.29"]
[White "Pytel, Przemyslaw"]
[Black "Belczewski, Jacek"]
[Result "1/2-1/2"]
[WhiteTitle ""]
[BlackTitle ""]
[WhiteElo "1815"]
[BlackElo "1949"]

1. e4 e5 2. Nf3 Nf6 3. Nc3 Bb4 4. d3 O-O 5. Bd2 Nc6 6. Be2 d5 7. exd5 Nxd5 8. Nxd5
Bxd2+ 9. Qxd2 Qxd5 10. O-O Bd7 11. c3 Rad8 12. Rfd1 f6 13. Ne1 Bf5 14. Nc2 Bg6
15. Ne3 Qd7 16. Qc2 Kh8 17. Qb3 b6 18. Kh1 Na5 19. Qb4 c5 20. Qh4 Nc6 21. h3 Ne7
22. Rd2 Nd5 23. Nxd5 Qxd5 24. b3 Rd6 25. Rad1 Rfd8 26. Qg3 Qe6 27. Qe3 Qd7 28.
Kg1 h6 29. Bg4 f5 30. Be2 Re8 31. f3 f4 32. Qf2 Rd8 33. Bf1 Qe7 34. d4 cxd4 35.
cxd4 Qd7 36. d5 Qb7 37. Bc4 b5 38. Bf1 a6 39. Qc5 Bf7 40. a4 Rxd5 41. Rxd5 Rxd5
42. Rxd5 Qxd5 43. Qc8+ Bg8 44. Qxa6 bxa4 45. bxa4 Qd4+ 46. Kh2 e4 47. fxe4 Qxe4
48. a5 f3 49. gxf3 Qxf3 50. Bg2 Qf4+ 51. Kh1 Qb4 1/2-1/2

[Event "I Miedzynarodowy Memorial Ireny Warakomskiej - Open B"]
[Site "Suwalki"]
[Date "2017-08-13"]
[Round "3.30"]
[White "Szczygiel, Jakub "]
[Black "Szolc, Grzegorz"]
[Result "1-0"]
[WhiteTitle ""]
[BlackTitle ""]
[WhiteElo "1797"]
[BlackElo "1945"]

1. d4 f5 2. c4 Nf6 3. Nc3 g6 4. g3 Bg7 5. Bg2 d6 6. Nf3 O-O 7. O-O Qe8 8. b3 c6
9. Bb2 e5 10. dxe5 dxe5 11. e4 f4 12. Qd6 Ng4 13. Rad1 Nh6 14. Na4 Bg4 15. Rd3
Bxf3 16. Bxf3 Na6 17. Rfd1 Nf7 18. Qd7 Qxd7 19. Rxd7 Ng5 20. Bg4 b5 21. cxb5 cxb5
22. Nc3 b4 23. Na4 f3 24. h4 Nxe4 25. Be6+ Kh8 26. Bd5 Nec5 27. Nxc5 Nxc5 28.
Rxg7 Kxg7 29. Bxe5+ Kh6 30. Bd4 Rad8 31. Bxc5 Rf5 32. Be3+ Kg7 33. Bxf3 Rxd1+
34. Bxd1 Ra5 35. Kg2 Rxa2 36. Kf3 Kf7 37. Ke4 Ke6 38. Kd3 Kd5 39. Bf3+ Ke6 40.
Kc4 a5 41. Kb5 Ke5 42. Bd1 h5 43. Bf3 Rb2 44. Kxa5 Rxb3 45. Bd1 Rb2 46. Kb5 Ke4
47. Kc4 b3 48. Kc3 Rb1 49. Bxb3 Kf3 50. Bd5+ Kg4 51. Be4 1-0

[Event "I Miedzynarodowy Memorial Ireny Warakomskiej - Open B"]
[Site "Suwalki"]
[Date "2017-08-13"]
[Round "3.31"]
[White "Czaplewska, Klara"]
[Black "Szczygiel, Konrad"]
[Result "1/2-1/2"]
[WhiteTitle ""]
[BlackTitle ""]
[WhiteElo "1934"]
[BlackElo "1862"]

1. d4 Nf6 2. g3 g6 3. Bg2 Bg7 4. e4 O-O 5. Ne2 d6 6. Nbc3 e5 7. h3 Nc6 8. Be3 Nd7
9. O-O Nb6 10. dxe5 Nxe5 11. Bd4 f5 12. f4 Nc6 13. Bxg7 Kxg7 14. Nd4 Qf6 15. Nxc6
bxc6 16. Kh2 Nc4 17. Qc1 Rb8 18. Rb1 Qd4 19. Re1 Bd7 20. exf5 gxf5 21. Qd1 Qxd1
22. Nxd1 Rfe8 23. Rxe8 Rxe8 24. Nc3 Re3 25. Bf1 Nd2 26. Rd1 Nxf1+ 27. Rxf1 Be6
28. Rf2 Bc4 29. Kg2 Kf6 30. Rd2 Re7 31. Kf2 Bf7 32. b3 h6 33. Ne2 Be6 34. Nd4
Bd7 35. Re2 Rg7 36. Re3 1/2-1/2

[Event "I Miedzynarodowy Memorial Ireny Warakomskiej - Open B"]
[Site "Suwalki"]
[Date "2017-08-13"]
[Round "3.32"]
[White "Lascar, Radoslawa"]
[Black "Amrogowicz, Dominika "]
[Result "1-0"]
[WhiteTitle ""]
[BlackTitle ""]
[WhiteElo "1778"]
[BlackElo "1926"]

1. e4 c5 2. c3 d6 3. d4 cxd4 4. cxd4 g6 5. Bc4 Bg7 6. Nc3 Nc6 7. Nge2 e6 8. O-O
Nge7 9. d5 Ne5 10. Bb5+ Kf8 11. Nd4 exd5 12. Nxd5 Nxd5 13. exd5 Qh4 14. f4 Bg4
15. Qd2 Nd7 16. Ne6+ fxe6 17. Bxd7 Qf6 18. h3 Bf5 19. g4 Be4 20. dxe6 Qh4 21.
Qxd6+ Kg8 22. Kh2 h5 23. e7 hxg4 24. Be6+ Kh7 25. Bxg4 Bf6 26. f5 gxf5 27. Bxf5+
Bxf5 28. Rxf5 Kg7 29. Qg3+ Qxg3+ 30. Kxg3 Bxe7 31. Bd2 Bd6+ 32. Kg2 Rhe8 33. Bc3+
Kg8 34. Rg5+ Kh7 35. Rf1 Rg8 36. Rf7+ Kh6 37. Rxg8 Rxg8+ 38. Kf2 Bc5+ 39. Kf3
Rf8 40. Bg7+ Kg6 41. Bxf8 Kxf7 42. Bxc5 1-0

[Event "I Miedzynarodowy Memorial Ireny Warakomskiej - Open B"]
[Site "Suwalki"]
[Date "2017-08-13"]
[Round "3.33"]
[White "Wielek, Thomas "]
[Black "Sobczak, Miroslaw"]
[Result "0-1"]
[WhiteTitle ""]
[BlackTitle ""]
[WhiteElo "1766"]
[BlackElo "1925"]

1. e4 c5 2. Nc3 e6 3. f4 a6 4. Nf3 d5 5. e5 Nc6 6. d4 Qb6 7. Bd3 cxd4 8. Ne2 Bb4+
9. Kf2 Bc5 10. a3 Qc7 11. b4 Bb6 12. Bb2 Nge7 13. g4 Bd7 14. Kg2 f6 15. Nexd4
Nxd4 16. Nxd4 fxe5 17. fxe5 O-O-O 18. Qe2 Ng6 19. Bxg6 hxg6 20. a4 Qc4 21. Rhd1
Qxb4 22. Ba3 Qc4 23. Qf2 Bxd4 24. Rxd4 Qc3 25. Bd6 Qxa1 26. Rc4+ dxc4 27. Qb6
Bc6+ 0-1

[Event "I Miedzynarodowy Memorial Ireny Warakomskiej - Open B"]
[Site "Suwalki"]
[Date "2017-08-13"]
[Round "3.34"]
[White "Wolanski, Michal "]
[Black "Tylenda, Krzysztof "]
[Result "1-0"]
[WhiteTitle ""]
[BlackTitle ""]
[WhiteElo "1920"]
[BlackElo "1750"]

1. c4 e6 2. Nc3 d5 3. e3 Nf6 4. Nf3 c6 5. Be2 Bd6 6. b3 Nbd7 7. Bb2 O-O 8. Qc2
Re8 9. O-O b6 10. Rac1 Bb7 11. h3 Rc8 12. Qb1 c5 13. cxd5 Nxd5 14. Ne4 Be7 15.
d4 N5f6 16. Nc3 cxd4 17. Nxd4 Rc5 18. Bf3 Bxf3 19. Nxf3 Qb8 20. Ne2 Rec8 21. Rxc5
Nxc5 22. Rd1 Nce4 23. Rc1 Rc5 24. Rxc5 Bxc5 25. Nfd4 Qd6 26. Qc1 Nd5 27. Qc4 Bxd4
28. Nxd4 Qb4 29. Qc8+ Qf8 30. Qd7 Qb4 31. Nxe6 Qe1+ 32. Kh2 h6 33. Qe8+ Kh7 34.
Qf8 1-0

[Event "I Miedzynarodowy Memorial Ireny Warakomskiej - Open B"]
[Site "Suwalki"]
[Date "2017-08-13"]
[Round "3.35"]
[White "Kukorowski, Jan"]
[Black "Ziemski, Przemyslaw"]
[Result "1-0"]
[WhiteTitle ""]
[BlackTitle ""]
[WhiteElo "1670"]
[BlackElo "1902"]

1. e4 e5 2. Nf3 Nc6 3. Bc4 Bc5 4. c3 Nf6 5. d3 h6 6. O-O O-O 7. d4 exd4 8. cxd4
Bb6 9. e5 d5 10. exf6 dxc4 11. d5 Nb4 12. fxg7 Kxg7 13. Qd2 Qd6 14. Na3 Rh8 15.
Nxc4 Qc5 16. b3 Nxd5 17. Bb2+ f6 18. Rad1 c6 19. Ba3 Qb5 20. Nh4 Bg4 21. Qd3 Nf4
22. Qe4 Qg5 23. Nd6 Qe5 24. Ndf5+ Kg8 25. Rd7 Rh7 26. Qc4+ Qe6 27. Rxh7 Qxc4 28.
Rg7+ 1-0

[Event "I Miedzynarodowy Memorial Ireny Warakomskiej - Open B"]
[Site "Suwalki"]
[Date "2017-08-13"]
[Round "3.36"]
[White "Kaniak, Justyna"]
[Black "Ossolinski, Ziemowit "]
[Result "1-0"]
[WhiteTitle ""]
[BlackTitle ""]
[WhiteElo "1901"]
[BlackElo "1798"]

1. e4 e6 2. d4 d5 3. e5 c5 4. Nf3 Qb6 5. Bd3 Bd7 6. O-O cxd4 7. Nbd2 Nc6 8. a3
g6 9. Re1 a5 10. h4 Bg7 11. Nf1 Nge7 12. N1h2 h5 13. Rb1 O-O 14. g4 hxg4 15. Nxg4
Qc7 16. Nf6+ Kh8 17. Bg5 Nf5 18. Bxf5 exf5 19. h5 Be6 20. h6 Rfc8 21. hxg7+ Kxg7
22. Kg2 Rh8 23. Qd2 f4 24. Rh1 Ne7 25. Qxf4 Nf5 26. Nxd4 Rag8 27. Nxf5+ gxf5 28.
Bh6+ Rxh6 29. Qxh6# 1-0

[Event "I Miedzynarodowy Memorial Ireny Warakomskiej - Open B"]
[Site "Suwalki"]
[Date "2017-08-13"]
[Round "3.37"]
[White "Lada, Michal "]
[Black "Wolagiewicz, Kinga "]
[Result "1-0"]
[WhiteTitle ""]
[BlackTitle ""]
[WhiteElo "1875"]
[BlackElo "1611"]

1. d4 d5 2. c4 e6 3. Nf3 Nf6 4. Nc3 c6 5. e3 Nbd7 6. Bd3 Bd6 7. O-O O-O 8. e4 dxe4
9. Nxe4 Nxe4 10. Bxe4 h6 11. b3 e5 12. Bb2 exd4 13. Qxd4 Nf6 14. Rad1 Be7 15.
Qe5 Qe8 16. Bb1 Bg4 17. Qc3 Qb8 18. Rde1 Bd6 19. Qc2 Bxf3 20. Bxf6 Bxh2+ 21. Kh1
Bxg2+ 22. Kxg2 g6 23. Qe4 Bd6 24. Rh1 Bf4 25. Rh4 Bd2 26. Reh1 Re8 27. Rxh6 Bxh6
28. Rxh6 1-0

[Event "I Miedzynarodowy Memorial Ireny Warakomskiej - Open B"]
[Site "Suwalki"]
[Date "2017-08-13"]
[Round "3.38"]
[White "Norek, Bartosz "]
[Black "Matuszczyk, Mateusz"]
[Result "0-1"]
[WhiteTitle ""]
[BlackTitle ""]
[WhiteElo "1799"]
[BlackElo "1666"]

1. e4 c5 2. Nf3 Nf6 3. Nc3 Nc6 4. d4 cxd4 5. Nxd4 e5 6. Ndb5 d6 7. Bg5 a6 8. Na3
b5 9. Nd5 Be7 10. Bxf6 Bxf6 11. c4 b4 12. Nc2 a5 13. Qf3 Bg5 14. h4 Bxh4 15. Qh5
Bf6 16. Be2 Be6 17. O-O-O g6 18. Qh2 Bg7 19. g3 h6 20. f4 O-O 21. Bd3 Bg4 22.
Rdf1 b3 23. axb3 Rb8 24. b4 axb4 25. f5 h5 26. Nce3 Bh6 27. f6 Qa5 28. b3 Bxe3+
29. Nxe3 Qa1+ 30. Bb1 Qc3+ 31. Nc2 Nd4 32. Ba2 Ra8 33. Kb1 Rxa2 34. Kxa2 Qxb3+
0-1

[Event "I Miedzynarodowy Memorial Ireny Warakomskiej - Open B"]
[Site "Suwalki"]
[Date "2017-08-13"]
[Round "3.39"]
[White "Koloczek, Maciej "]
[Black "Tomicki, Marek "]
[Result "1-0"]
[WhiteTitle ""]
[BlackTitle ""]
[WhiteElo "1764"]
[BlackElo "1649"]

1. e4 c5 2. Nf3 d6 3. d4 cxd4 4. Nxd4 Nf6 5. Nc3 a6 6. Bg5 e6 7. f4 Nbd7 8. Qf3
Qc7 9. O-O-O b5 10. e5 Bb7 11. Qh3 dxe5 12. Nxe6 fxe6 13. Qxe6+ Be7 14. Bxb5 Rd8
15. fxe5 1-0

[Event "I Miedzynarodowy Memorial Ireny Warakomskiej - Open B"]
[Site "Suwalki"]
[Date "2017-08-13"]
[Round "3.40"]
[White "Huchwajda, Grzegorz"]
[Black "Kupsik, Joanna "]
[Result "0-1"]
[WhiteTitle ""]
[BlackTitle ""]
[WhiteElo "1566"]
[BlackElo "1703"]

1. e4 c5 2. d4 cxd4 3. c3 dxc3 4. Nxc3 e6 5. Nf3 Nc6 6. Be2 a6 7. O-O Nge7 8. Bf4
Ng6 9. Bg3 d6 10. Rc1 Be7 11. Qd2 O-O 12. Rfd1 Nce5 13. Nxe5 dxe5 14. Qc2 Qe8
15. Na4 b5 16. Nb6 Rb8 17. Qc7 Rb7 18. Qxc8 Rxb6 19. Qxe8 Rxe8 20. Rd7 Rbb8 21.
Ra7 Rec8 22. Rcc7 Rxc7 23. Rxc7 Bf8 24. Ra7 Rb6 25. Ra8 Rc6 26. Bf1 Rc2 27. Rxa6
Rxb2 28. Ra8 b4 29. f3 h6 30. Bc4 Kh7 31. Bf2 Rb1+ 32. Bf1 Rc1 33. g3 Rc3 34.
Kg2 Rc2 35. Ra5 Be7 36. Bd3 Rd2 37. Bc4 Bg5 38. Kf1 Ne7 39. Ra6 Rc2 40. Bb3 Rc1+
41. Ke2 Nc6 42. h4 Bf6 43. Kd2 Rc3 44. Ke2 Nd4+ 45. Bxd4 exd4 46. Rb6 Re3+ 47.
Kf2 Be7 48. Rc6 Rc3 49. Rxc3 dxc3 50. f4 g6 51. e5 Kg7 52. Kf3 Bc5 53. Bc2 Kf8
54. g4 h5 55. gxh5 gxh5 56. f5 exf5 57. Bxf5 Bd4 58. Kf4 Ke7 59. Bc2 f6 60. exf6+
Kxf6 61. Ke4 Bf2 62. Kd5 Bxh4 63. Kc4 Ke5 64. Kxb4 Be1 65. Kb3 h4 66. Bd3 h3 67.
Ba6 Kd4 68. Kc2 h2 69. Bb7 Kc4 70. a3 Bd2 71. Ba6+ Kc5 72. Bb7 Kd4 73. Bc6 Bf4
74. Bb7 Bd6 75. a4 Bb4 76. Bg2 Ke3 77. Bc6 Kf2 78. Be4 Kg1 79. Bd5 h1=Q 80. Bxh1
Kxh1 81. Kd1 Kg2 82. Kc2 Kf2 83. Kd1 Ke3 84. Kc2 Ke2 0-1